| Tag |
First Indicator |
Second Indicator |
Subfields |
| LEADER |
00000nam a2200000Ia 4500 |
| 001 |
in00004243003 |
| 005 |
20200807093607.0 |
| 006 |
m g d |
| 007 |
cr bn |||a|bb| |
| 008 |
850429s1642 enk o 00| | eng d |
| 035 |
|
|
|a (OCoLC)11976267
|
| 040 |
|
|
|a EAA
|c EAA
|d m/c
|d UMI
|d WaOLN
|
| 037 |
|
|
|a CL0037000002
|b ProQuest Information and Learning. 300 N. Zeeb Rd., Ann Arbor, MI 48106
|
| 037 |
|
|
|a CL0037000007
|b ProQuest Information and Learning. 300 N. Zeeb Rd., Ann Arbor, MI 48106
|
| 049 |
|
|
|a UMIA
|
| 100 |
1 |
|
|a Barbon, Praisegod,
|d 1596?-1679.
|
| 245 |
1 |
2 |
|a A discourse tending to prove the baptisme in, or under the defection of Antichrist to be the ordinance of Jesus Christ :
|b as also that the baptisme of infants or children is warrantable, and agreeable to the word of God : where the perpetuity of the estate of Christs church in the world and the everlastingnesse of the covenant of Almighty God to Abraham are set forth as maine grounds, and sundry other particular things are controverted and discussed /
|c by P.B.
|
| 260 |
|
|
|a London :
|b Printed by R. Oulton and G. Dexter, and are to be sold by Benjamine Allen ...,
|c 1642.
|
| 300 |
|
|
|a 1 online resource ([8], 32 pages)
|
| 336 |
|
|
|a text
|b txt
|2 rdacontent
|
| 337 |
|
|
|a computer
|b c
|2 rdamedia
|
| 338 |
|
|
|a online resource
|b cr
|2 rdacarrier
|
| 500 |
|
|
|a Attributed to Praisegod Barbon. Cf. BM.
|
| 500 |
|
|
|a Reproduction of original in Yale University Library and Thomason Collection, British Library.
|
| 510 |
4 |
|
|a Wing
|c B750
|
| 500 |
|
|
|a Marginal notes.
|
| 533 |
|
|
|a Electronic reproduction.
|b Ann Arbor, Mich. :
|c UMI,
|d 1999-
|f (Early English books online)
|n Digital version of: (Early English books, 1641-1700 ; 52:2 and 250:E138, no 23)
|7 s1999 miun s
|
| 650 |
|
0 |
|a Baptism
|v Early works to 1800.
|
| 650 |
|
0 |
|a Infant baptism
|v Early works to 1800.
|
| 830 |
|
0 |
|a Early English books online.
|
| 856 |
4 |
0 |
|u http://proxy.library.tamu.edu/login?url=https://search.proquest.com/docview/2264207811
|z Connect to the full text of this electronic book
|t 0
|
| 856 |
4 |
0 |
|u http://proxy.library.tamu.edu/login?url=https://search.proquest.com/docview/2264207813
|z Connect to the full text of this electronic book
|t 0
|
| 999 |
f |
f |
|s e1c09593-4e95-3f1d-9246-fac97a520194
|i 3287ae2b-8dd5-3fd9-b753-387a12feb62c
|t 0
|
| 952 |
f |
f |
|a Texas A&M University
|b College Station
|c Electronic Resources
|d Available Online
|t 0
|h No information provided
|
| 998 |
f |
f |
|t 0
|l Available Online
|